000 00900nam a2200253Ia 4500
003 OSt
005 20220923215522.0
006 a|||||r|||| 00| 0
007 ta
008 220922b |||||||| |||| 00| 0 hin d
024 _a179,489
037 _cTextual
040 _aARTS
_cARTS
_bhin
041 _2hin
_ahin
082 _aO152,1M96:g(P), L7
100 _aशर्मा, वेदव्रत
_9156279
245 0 _aनिराला के काव्य का शैलीविज्ञान अध्ययन
246 _aNirālā ke kāvya kā shailīvijnyān adhyayana
260 _aदिल्ली
_b आर्य बुक डिपो
_c1977
300 _a405 पृ.
_ccm.
650 _aहिन्दी साहित्य
_9156264
942 _hO152,1M96:g(P), L7
_cTEXL
_2CC
999 _c332870
_d332870